| 000 | 02026cam a22003251i 4500 | ||
|---|---|---|---|
| 003 | SA-RiAUC | ||
| 005 | 20250603135119.0 | ||
| 008 | 250602q19001999le g 00000 ara c | ||
| 040 |
_aSA-JeALM _bara _cSA-RiAUC _erda |
||
| 082 | 0 | 4 |
_a907.2 _qSA-RiAUC |
| 090 |
_a907.2 _bس خ ا |
||
| 100 | 1 |
_aالسخاوي، محمد بن عبد الرحمن بن محمد، _d831-902 هجري _eمؤلف. |
|
| 245 | 1 | 2 |
_aالإعلان بالتوبيخ لمن ذم التاريخ / _cشمس الدين محمد بن عبد الرحمن السخاوي ؛ حققه وعلق عليه بالإنجليزية فرانز روزنثال ؛ ترجم التعليقات والمقدمة صالح أحمد العلي. |
| 264 | 1 |
_aبيروت : _bدار الكتب العلمية، _c[بين 1900 و1999] |
|
| 300 |
_a460 صفحة ؛ _c24 سم. |
||
| 336 |
_aنص _btxt _2rdacontent _3كتاب |
||
| 337 |
_aبدون وسيط _bn _2rdamedia |
||
| 338 |
_aمجلد _bnc _2rdacarrier |
||
| 504 | _aيشتمل على فهرس للأعلام. | ||
| 520 | 2 | _aالكتاب من وجهة نظر العلوم الدينية، وقد جاء للدفاع عن دراسة التأريخ كموضوع ثقافي مساعد في مناهج الدراسة الدينية، وذلك بالإشارة إلى بحث نواح معينة من سير علماء الدين وهو عرض التأريخ الديني وآماله ومعظلاته. | |
| 650 | 7 |
_aالتأريخ _2aucsh |
|
| 650 | 7 |
_aالتاريخ الإسلامي _2aucsh |
|
| 650 | 7 |
_aالتاريخ الإسلامي _xدفع مطاعن _2aucsh |
|
| 650 | 7 |
_aالتاريخ _xمناهج بحث _2aucsh |
|
| 700 | 1 | 2 |
_iتحقيق لـ (عمل) : _aالسخاوي، محمد بن عبد الرحمن بن محمد، _d831-902 هجري. _tالإعلان بالتوبيخ لمن ذم التاريخ |
| 700 | 1 |
_aروزنتال، فرانز، _d1914-2003 _eمحقق. |
|
| 700 | 1 |
_aالعلي، صالح أحمد، _d1918-2003 _eمترجم. |
|
| 942 |
_2ddc _cBOOK _n0 |
||
| 949 |
_aSA-JeALM _d250602 _uosman123 _n1 |
||
| 999 |
_c8711 _d8711 |
||